Teenage Fatherhood Pregnancy Involvement Among Urban, Adolescent Males: Risk Factors and Consequences

Guardado en:  
Detalles Bibliográficos
Autor principal: Wei, Evelyn (Autor)
Tipo de documento: Print Libro
Lenguaje:Inglés
Publicado: [Erscheinungsort nicht ermittelbar] University of Pittsburgh 1999
En:Año: 1999
Verificar disponibilidad: HBZ Gateway
Servicio de pedido Subito: Pedir ahora.

MARC

LEADER 00000cam a22000002c 4500
001 1912721627
003 DE-627
005 20250126055053.0
007 tu
008 241217s1999 xx ||||| 00| ||eng c
035 |a (DE-627)1912721627 
035 |a (DE-599)KXP1912721627 
040 |a DE-627  |b ger  |c DE-627  |e rda 
041 |a eng 
084 |a 2,1  |2 ssgn 
100 1 |a Wei, Evelyn  |e VerfasserIn  |4 aut 
245 1 0 |a Teenage Fatherhood Pregnancy Involvement Among Urban, Adolescent Males: Risk Factors and Consequences 
264 1 |a [Erscheinungsort nicht ermittelbar]  |b University of Pittsburgh  |c 1999 
336 |a Text  |b txt  |2 rdacontent 
337 |a ohne Hilfsmittel zu benutzen  |b n  |2 rdamedia 
338 |a Band  |b nc  |2 rdacarrier 
787 0 8 |i Forschungsdaten  |a Loeber, Rolf  |t Pittsburgh Youth Study Oldest Sample (1987 - 2000) (Pittsburgh, Pennsylvania)  |d [Erscheinungsort nicht ermittelbar] : [Verlag nicht ermittelbar], 2016  |w (DE-627)1840043458 
935 |a mkri 
951 |a BO 
ELC |b 1 
LOK |0 000 xxxxxcx a22 zn 4500 
LOK |0 001 4637687187 
LOK |0 003 DE-627 
LOK |0 004 1912721627 
LOK |0 005 20241217045042 
LOK |0 008 241217||||||||||||||||ger||||||| 
LOK |0 035   |a (DE-2619)ICPSR150857 
LOK |0 040   |a DE-2619  |c DE-627  |d DE-2619 
LOK |0 092   |o n 
LOK |0 852   |a DE-2619 
LOK |0 852 1  |9 00 
LOK |0 935   |a nacp 
LOK |0 939   |a 17-12-24  |b l01 
ORI |a SA-MARC-krimdoka001.raw